000 00329pab a2200133 454500
008 180718b1991 xxu||||| |||| 00| 0 eng d
100 _aInamete, Ufot B.
245 _aFederalism in Nigeria
_bThe crucial dynamics
260 _c1991
300 _a191-207
650 _aFederalism - Nigeria
773 _aRound Table
909 _a8434
999 _c8434
_d8434